000 00334nam a2200133Ia 4500
008 240624s9999 xx 000 0 und d
041 _aeng
082 _a658.8 WUN
100 _aWUNKER STEPHEN
245 _aCAPTURING NEW MARKETS
260 _c2014
_aNew Delhi
_bTata McGraw - Hill
300 _a260 : p. : cm. ; 28
365 _cRS
_b33
999 _c26056
_d26056